000 00455cam a2200181ua 4500
001 5096
008 120301n ii |||gr||||Z||||||eng
040 _cMAIN
082 _a823
100 _aOrwell, George,
_eAuthor.,
245 1 1 _aNineteen eighty four
_cby George Orwell
250 _a18th.
260 _aNew Delhi:
_bAarti book centre,
_c2004.
300 _a288p:
_c23cm.
653 _aEnglish fiction
700 _aVerma, C. D.,
_eEditor.,
942 _cBK
999 _c4280
_d4280